000 00729nam a2200277Ia 4500
008 160319s9999 xx 000 0 und d
020 _a 9716300026 (pbk.)
050 _aFil 920
050 _bQ8j 1992
100 _aQuirino, Carlos
245 _aJuan Luna /
245 _cCarlos Quirino.
260 _aManila :
260 _bTahanan Books for Young Readers
260 _c1992
300 _a31 Pages :
300 _billustrations :
300 _c26 cm.
440 _aGreat lives.
440 _vvol. 7
500 _a Arbitrarily numbered.
650 _a Heroes -- Philippines -- Biography --
650 _aLuna, Juan, 1857-1899 --
650 _xJunvenile literature.
650 _xJuvenile literature.
999 _c292331
_d292331